000 00543nam a2200181Ia 4500
005 20250508154330.0
008 008 250505s9999 xx 000 0 eng d
037 _aTextual
040 _aFEDL
_beng
_cFEDL
041 _aeng
_2eng
084 _a407, HIC
_qFEDL
100 _aHickel Raymond
_9765321
245 0 _aModern language teaching by television : A survey based on the principal experiments carried out in western Europe
260 _c1965
300 _a185p.
942 _cTEXL
_h407, HIC
999 _c1349609
_d1349609